|
|
|
|
| LEADER |
00000nab a22000001a 4500 |
| 001 |
vtls008988254 |
| 003 |
SK-MaSNL |
| 005 |
20260304215026.0 |
| 008 |
060425d19360118xo |r|p|||| |000 b|slo |
| 015 |
|
|
|a SNBRRBVU1918-1938
|
| 038 |
|
|
|a SNKBUCL
|
| 040 |
|
|
|a SNKBUVU
|b slo
|c SNKBUCL
|e AACR2
|
| 041 |
0 |
|
|a slo
|
| 044 |
|
|
|a xo
|c SK
|
| 080 |
|
|
|a 75.056
|2 1997
|
| 080 |
|
|
|a 821.162.3-1
|2 1997
|
| 100 |
1 |
|
|a Dvořák, Josef
|4 aut
|9 284991
|
| 245 |
1 |
0 |
|a Machov "Máj" s kresbami Mik. Aleša
|c [autor] Jdv.
|
| 500 |
|
|
|a V rubrike Kultúra - umenie
|
| 500 |
|
|
|a Autor dešifrovaný podľa: Kormúth, Dezider: Slovník slovenských pseudonymov 1919-1944. Martin, Matica slovenská 1974
|
| 600 |
1 |
7 |
|a Aleš, Mikoláš,
|d 1852-1913
|2 snkbucl
|9 103292
|
| 600 |
1 |
7 |
|a Mácha, Karel Hynek,
|d 1810-1836
|t Máj
|2 snkbucl
|9 135319
|
| 648 |
|
7 |
|a 1936
|2 snkbucl
|9 309345
|
| 650 |
0 |
7 |
|a ilustrácie
|2 MM
|9 2743
|
| 650 |
0 |
7 |
|a knižné ilustrácie
|2 MM
|9 2742
|
| 773 |
0 |
|
|t Robotnícke noviny
|g Roč. 33, č. 14 (18.1.1936), s. 3
|
| 852 |
|
|
|a SNK
|b KIS3GCP
|
| 910 |
|
|
|a snkrbvumm
|
| 958 |
|
|
|a VY
|
| 999 |
|
|
|c 3144321
|d 3146251
|